书目信息 |
| 题名: |
别笑!我是泰语学习书
|
|
| 作者: | 李炳度 著 ;邓应烈 译 | |
| 分册: | ||
| 出版信息: | 北京 北京语言大学出版社 2012 |
|
| 页数: | 296页 | |
| 开本: | 26cm | |
| 丛书名: | ||
| 单 册: | ||
| 中图分类: | H412.94 | |
| 科图分类: | ||
| 主题词: | 泰语--tai yu--口语 | |
| 电子资源: | ||
| ISBN: | 978-7-5619-3304-6 | |
| 000 | 00860nam0 22002411 450 | |
| 001 | 0124140110 | |
| 005 | 20170324140110.0 | |
| 010 | @a978-7-5619-3304-6@dCNY45.00 | |
| 100 | @a20121012d2012 em y0chiy50 ea | |
| 101 | 0 | @achi@atha |
| 102 | @aCN@b110000 | |
| 105 | @aa z 000yy | |
| 106 | @ar | |
| 200 | 1 | @a别笑!我是泰语学习书@9bie xiao wo shi tai yu xue xi shu@f李炳度著@g邓应烈译 |
| 210 | @a北京@c北京语言大学出版社@d2012 | |
| 215 | @a296页@c图@d26cm | |
| 330 | @a本书首先对泰国文字和泰语发音进行了深入浅出的介绍,在此基础上,按照会话情境将主要内容分为20课,提供与日常生活紧密相关的实例和会话,介绍重点句型,并讲解基本语法规则。 | |
| 606 | 0 | @a泰语@9tai yu@x口语 |
| 690 | @aH412.94@v5 | |
| 701 | 0 | @a李炳度@9li bing du@4著 |
| 702 | 0 | @a邓应烈@9deng ying lie@f(1947.9~)@4译 |
| 801 | 0 | @aCN@bTANGWEI@c20170308 |
| 905 | @b0961457-9@dH412.94@e9@f3 | |
| 别笑!我是泰语学习书/李炳度著/邓应烈译.-北京:北京语言大学出版社,2012 |
| 296页:图;26cm |
| ISBN 978-7-5619-3304-6:CNY45.00 |
| 本书首先对泰国文字和泰语发音进行了深入浅出的介绍,在此基础上,按照会话情境将主要内容分为20课,提供与日常生活紧密相关的实例和会话,介绍重点句型,并讲解基本语法规则。 |
| ● |
| 相关链接 |
|
|
|
|
正题名:别笑!我是泰语学习书
索取号:H412.94/9
 
预约/预借
| 序号 | 登录号 | 条形码 | 馆藏地/架位号 | 状态 | 备注 |
| 1 | 0961457 | 209614577 | 第二样本阅览室/ [索取号:H412.94/9] | 在馆 | |
| 2 | 0961458 | 209614586 | 第四借阅区/ [索取号:H412.94/9] | 在馆 | |
| 3 | 0961459 | 209614595 | 第四借阅区/ [索取号:H412.94/9] | 在馆 |